00270nam a2200121Ia 4500008004100000020001500041041000800056082000800064100001500072245002600087260002700113300000800140230724s1999 xx und d a8123900783 aeng a729 aGHOSE D.N. aA BOOK OF HOME PLANS. bC.B.S PUBLISHERSc1999 a229